000
00284nam a22001337a 4500
008
170725b xxu||||| |||| 00| 0 eng d
020
_a
9780071668958
041
_a
eng
080
_a
004
100
_a
30
101
_a
SHK
245
_a
VISUAL STUDIO 2010
_c
MAYO,J
942
_2
udc
_c
BK
999
_c
21896
_d
21896